Understanding and Reviving Inactive Dealers to Expand Market The Berger Paints Approach (Record no. 21786)

MARC details
000 -LEADER
fixed length control field 00376nam a22001337a 4500
008 - FIXED-LENGTH DATA ELEMENTS--GENERAL INFORMATION
fixed length control field 260121b |||||||| |||| 00| 0 eng d
100 ## - MAIN ENTRY--AUTHOR NAME
Personal name Sidhant Sharma
245 ## - TITLE STATEMENT
Title Understanding and Reviving Inactive Dealers to Expand Market The Berger Paints Approach
260 ## - PUBLICATION, DISTRIBUTION, ETC. (IMPRINT)
Place of publication Jammu
Name of publisher MIET
Year of publication 2024
300 ## - PHYSICAL DESCRIPTION
Number of Pages 74
650 ## - SUBJECT ADDED ENTRY--TOPICAL TERM
Topical Term Management
942 ## - ADDED ENTRY ELEMENTS (KOHA)
Source of classification or shelving scheme Dewey Decimal Classification
Koha item type Thesis
Holdings
Accession Number Price effective from Koha item type Withdrawn / writtenoff status Damaged status Not for loan Permanent Location Current Location Date acquired Lost/ Missing status department
STR/C1R056/24 01/21/2026 Thesis     Not For Loan MIET Library, Jammu MIET Library, Jammu 01/15/2026   MBA